000 00785nam a2200277 a 4500
003 AR-BaBNM
005 20251128210619.0
008 082120s2002 ||||||||||||||000 | spa||
040 _cAR-BaBNM
100 1 _aHutchins, Robert M.
245 0 0 _aAprendizaje y sociedad
260 _a[S.l.]
_bMonte Avila
_c1966
300 _a149 p.
_btablas
500 _aContiene referencias bibliográficas
650 4 _aORGANIZACION DE LA EDUCACION
650 4 _aFINALIDADES DE LA EDUCACION
650 4 _aOBJETIVOS EDUCACIONALES
650 4 _aESTADO Y EDUCACION
650 4 _aDEMOCRATIZACION DE LA EDUCACION
650 4 _aTECNOLOGIA EDUCATIVA
650 4 _aUNIVERSIDADES
653 _aPLANEAMIENTO EDUCATIVO
653 _aDISCRIMINACION EDUCATIVA
942 _cBK
998 _cRaquel
999 _c16180
_d16180